00766nam a22002177a 450000500170000000800410001702200130005808200460007110000430011710000400016010000460020024500660024626000600031230000200037244000340039265000410042665000230046765000350049094200080052599900150053320160627195834.0160506b xxu||||| |||| 00| 0 spa d a03793982 aTecnología en Marcha Vol 25, N° 6 2012 aBriones Peñalver, Antonio Juan99902 aCegarra Navarro, Juan Gabriel99903 aLópez Cano Vieira, Carlos Isidoro99904 aCooperación e innovación en empresas de economía social aCosta RicabEditorial Tecnológica de Costa Ricac2012 apáginas 12-22 aTecnología en Marcha911795 aCOOPERACIÓN INTEREMPRESARIAL99906 aINNOVACIÓN91005 aALIANZAS ESTRATÉGICAS 99907 cREV c8095d8095